Compendio de artículos técnicos del ciclo sobre el marco teórico conceptual

Na minha lista:
Detalhes bibliográficos
Autor Corporativo: ICAP
Formato: Texto
Publicado em: San José: ICAP
Tags: Adicionar Tag
Sem tags, seja o primeiro a adicionar uma tag!

MARC

LEADER 00000 a a2200000 04500
001 25532
003
040
090 |a 153804  
110 |a ICAP  
245 |a Compendio de artículos técnicos del ciclo sobre el marco teórico conceptual  
260 |a San José:   |b ICAP  
300 |a p. irreg; vol. I  
999 |c 5991  |d 5991